000 00328nam a2200133Ia 4500
005 20251222175924.0
008 251222s9999||||xx |||||||||||||| ||spa||
020 _a8423416682
082 _a658.15/S31
100 _aScott, Mark C.
245 0 _aEL Proceso de Creación de Valor en la Empresa
264 _bDeusto
942 _cLIB
999 _c40787
_d40787